| 000 | 00460nam a2200145Ia 4500 | ||
|---|---|---|---|
| 003 | SGT | ||
| 082 |
_a624.0021 _bCHA |
||
| 100 | _aChakrabarti,A | ||
| 245 | _aCivil engineering drawing | ||
| 260 |
_bBhaktivedanta Book Trust _aKolkata _c2010 |
||
| 300 | _a404p. | ||
| 650 | _aCIVIL ENGINEERING | ||
| 653 | _aDRAWING REQUIREMENTS, FOUNDATION, BUILDING PLANNING, RESIDENTIAL BUILDING DRAWING, PUBLIC BUILDING,ISOMETRIC PROJECTION,PERSPECTIVE | ||
| 942 |
_2ddc _cBK _08 |
||
| 999 |
_c5252 _d5252 |
||